LIBRARY ONLINE CATALOGUE

Marketing channels : (Record no. 1966)

MARC details
000 -LEADER
fixed length control field 00618nam a22002172 4500
001 - CONTROL NUMBER
control field 0000002186
005 - DATE AND TIME OF LATEST TRANSACTION
control field 20151217145727.0
008 - FIXED-LENGTH DATA ELEMENTS--GENERAL INFORMATION
fixed length control field 070404s xx 000 0 eng d
020 ## - INTERNATIONAL STANDARD BOOK NUMBER
International Standard Book Number 0324186932 :
Terms of availability KES 6,150
040 ## - CATALOGING SOURCE
Original cataloging agency KABU
Transcribing agency KABU
050 #0 - LIBRARY OF CONGRESS CALL NUMBER
Classification number HF5415.129
Item number .R67 2004
100 1# - MAIN ENTRY--PERSONAL NAME
Personal name Rosenbloom, Bert.
-- 0000151453
245 10 - TITLE STATEMENT
Title Marketing channels :
Remainder of title a management view.
250 ## - EDITION STATEMENT
Edition statement 7th ed.
260 ## - PUBLICATION, DISTRIBUTION, ETC. (IMPRINT)
Place of publication, distribution, etc. New York :
Name of publisher, distributor, etc. Thomson,
Date of publication, distribution, etc. 2004.
300 ## - PHYSICAL DESCRIPTION
Extent xx, 649 p.
650 #0 - SUBJECT ADDED ENTRY--TOPICAL TERM
Topical term or geographic name as entry element Marketing channels.
-- 0000151454
908 ## - PUT COMMAND PARAMETER (RLIN)
Put command parameter 070404
950 ## - LOCAL HOLDINGS (RLIN)
-- 1
Holdings
Withdrawn status Lost status Source of classification or shelving scheme Not for loan Home library Current library Date acquired Total Checkouts Total Renewals Full call number Barcode Date last seen Date last checked out Price effective from Koha item type
    Library of Congress Classification   Kabarak, Main Campus Kabarak, Main Campus 17/12/2015 2 1 HF5415.129 .R67 2004 003752 13/09/2016 01/08/2016 17/12/2015 General Collection